[Event "Las Palmas Insular-chT Primera-A"]
[Site "Las Palmas"]
[Date "2016.02.06"]
[Round "11.1"]
[White "Rivero Pena, Gara del Pino"]
[Black "Gerardi, Stefano"]
[Result "1/2-1/2"]
[WhiteElo "1419"]
[BlackElo "1704"]
[PlyCount "40"]
[EventDate "2015.10.17"]
[EventType "team-tourn"]
[EventRounds "14"]
[EventCountry "ESP"]
[SourceTitle "EXT 2017"]
[Source "ChessBase"]
[SourceDate "2016.10.25"]
[SourceVersion "1"]
[SourceVersionDate "2016.10.25"]
[SourceQuality "1"]
[WhiteTeam "Panaderia Pulido San Mateo II"]
[BlackTeam "Hotel Avda de Canarias IV"]
[WhiteTeamCountry "ESP"]
[BlackTeamCountry "ESP"]

1. e4 d5 2. exd5 Qxd5 3. Nc3 Qa5 4. d4 c6 5. Bc4 Bf5 6. Bd2 e6 7. Nf3 Nd7 8. 0-0 Ngf6 9. Re1 Be7 10. Bb3 Qc7 11. Qe2 0-0 12. Rad1 Nd5 13. Ne5 N7f6 14. Nxd5 Nxd5 15. c4 Nb4 16. Bc3 Rad8 17. a3 Na6 18. Bc2 Bxc2 19. Qxc2 Bd6 20. h3 b6 1/2-1/2

[Event "Las Palmas Insular-chT Pref-B"]
[Site "Las Palmas"]
[Date "2015.12.19"]
[Round "7.4"]
[White "Gerardi, Stefano"]
[Black "Guerra Aleman, Marcial"]
[Result "0-1"]
[WhiteElo "1739"]
[BlackElo "1631"]
[PlyCount "98"]
[EventDate "2015.10.17"]
[EventType "team-tourn"]
[EventRounds "14"]
[EventCountry "ESP"]
[SourceTitle "CBM 170 Extra"]
[Source "ChessBase"]
[SourceDate "2016.02.25"]
[SourceVersion "1"]
[SourceVersionDate "2016.02.25"]
[SourceQuality "1"]
[WhiteTeam "Hotel Avda de Canarias II"]
[BlackTeam "El Puerto de Santa Lucia"]
[WhiteTeamCountry "ESP"]
[BlackTeamCountry "ESP"]

1. e4 e6 2. Nf3 d5 3. exd5 exd5 4. d4 Bd6 5. Be2 Ne7 6. 0-0 Bg4 7. Bg5 h6 8. Bh4 g5 9. Bg3 Bxg3 10. fxg3 Nbc6 11. Ne5 Nxe5 12. dxe5 Be6 13. Bh5 Nc6 14. Qe2 Qe7 15. Qb5 0-0-0 16. Nc3 d4 17. Ne4 Rd5 18. Qe2 Rxe5 19. Qf3 Bd5 20. Qf6 Qe8 21. Nd2 Kb8 22. c4 dxc3 23. bxc3 Re7 24. c4 Be6 25. Rab1 Qd8 26. Qb2 Qd4+ 27. Kh1 Qxb2 28. Rxb2 Rd8 29. Bf3 Na5 30. Rfb1 b6 31. c5 Bf5 32. Rc1 Rde8 33. h3 Re1+ 34. Rxe1 Rxe1+ 35. Kh2 Rc1 36. Ne4 Bxe4 37. Bxe4 Rxc5 38. Rf2 Re5 39. Bc2 Re7 40. Rf6 Re2 41. Bb1 Rb2 42. Be4 c5 43. Bd5 c4 44. Rxf7 c3 45. Rf8+ Kc7 46. Rf7+ Kd6 47. Bb3 Nxb3 48. axb3 c2 49. Rf1 Rb1 0-1